• 首页
  • 本馆介绍
  • 公告通知
  • 最新文献
  • 馆藏检索
  • 电子资源
  • 读者导购
  • 参考咨询
  • 我的图书馆
  • 登录
  • 详细信息显示
  • 放入我的书架
  • 预约/预借图书
  • 作者相关作品
  • 分类相关作品
  • 丛书相关作品
  • 出版社相关作品

书目信息

  • 表格格式
  • 工作单格式
  • 卡片格式
题名:
极客之王
    
 
作者: 奥尼尔 著 ;林雨 译
分册:  
出版信息: 北京   现代出版社  2019.5
页数: 261页
开本: 24cm
丛书名:
单 册:
中图分类: K837.126.1
科图分类:
主题词:
电子资源:
ISBN: 978-7-5143-7835-1
000 01063nam0 2200265 450
001 2131748876
005 20210930094356.0
010    @a978-7-5143-7835-1@b精装@dCNY58.00
100    @a20190921d2019 em y0chiy50 ea
101 1  @achi@ceng
102    @aCN@b110000
105    @aa z 000yb
106    @ar
200 1  @a极客之王@Aji ke zhi wang@e特斯拉传@dNikola Tesla@f(美)约翰·奥尼尔著@g林雨译@zeng
210    @a北京@c现代出版社@d2019.5
215    @a261页@c照片@d24cm
330    @a本书为讲述尼古拉·特斯拉这位科学天才的人生经历。尼古拉·特斯拉被西方科学界普遍誉为是唯一堪比达·芬奇并超越爱因斯坦的伟大科学家,是人类有史以来最伟大的天才、发明创造巨匠,但由于他身上同时也具有某种神秘甚至超自然的特质,也有人称他为神秘怪客或超人。
510 1  @aNikola Tesla@zeng
517 1  @a特斯拉传@Ate si la chuan
600  0 @a特斯拉@Ate si la@c(Tesla, Nikola@f1856-1943)@x传记
690    @aK837.126.1@v5
701  0 @c(美)@a奥尼尔@Aao ni er@f(1889-1955)@4著
702  0 @a林雨@Alin yu@4译
801  0 @aCN@b百万庄@c20210929
905    @b1303734-37@dK837.126.1@e1165@f4
    
    极客之王:特斯拉传=Nikola Tesla/(美)约翰·奥尼尔著/林雨译.-北京:现代出版社,2019.5
    261页:照片;24cm
    
    
    ISBN 978-7-5143-7835-1(精装):CNY58.00
    本书为讲述尼古拉·特斯拉这位科学天才的人生经历。尼古拉·特斯拉被西方科学界普遍誉为是唯一堪比达·芬奇并超越爱因斯坦的伟大科学家,是人类有史以来最伟大的天才、发明创造巨匠,但由于他身上同时也具有某种神秘甚至超自然的特质,也有人称他为神秘怪客或超人。
●
相关链接 在E读中查询图书 在五车中查询图书 在当当中查询图书 在豆瓣中查询图书


正题名:极客之王     索取号:K837.126.1/1165         预约/预借

序号 登录号 条形码 馆藏地/架位号 状态 备注
1 1303734   213037346   第二样本阅览室/ [索取号:K837.126.1/1165] 在馆    
2 1303735   213037355   第二借阅区/ [索取号:K837.126.1/1165] 在馆    
3 1303736   213037364   第二借阅区/ [索取号:K837.126.1/1165] 在馆    
4 1303737   213037373   第二借阅区/ [索取号:K837.126.1/1165] 在馆    
唐山师范学院图书馆 欢迎您!
大连网信软件有限公司© 版权所有